El hombre egipcio
Tallennettuna:
| Päätekijä: | |
|---|---|
| Aineistotyyppi: | Kirja |
| Kieli: | espanja |
| Julkaistu: |
Madrid
Alianza
1991
|
| Aiheet: | |
| Tagit: |
Lisää tagi
Ei tageja, Lisää ensimmäinen tagi!
|
MARC
| LEADER | 00000nam a2200000 a 4500 | ||
|---|---|---|---|
| 001 | UCX6295 | ||
| 003 | CL-VaPUC | ||
| 008 | 930511e19910000SP |||||||||||||||||spa|d | ||
| 082 | 0 | 4 | |a 932.01 |b DON |2 21 |
| 100 | 0 | |a Donadoni, Sergio |e author |9 322715 | |
| 245 | 1 | 3 | |a El hombre egipcio |
| 300 | |a 351 p | ||
| 942 | |c BK | ||
| 945 | |d 19930511 00:00:00 | ||
| 260 | |a Madrid |b Alianza |c 1991 | ||
| 650 | 0 | |a Vida social y costumbres hasta 332 a.c. |9 322716 | |
| 651 | 0 | |a Egipto |9 268199 | |
| 583 | |a last modification |c 19930511 00:00:00 |k Rodrigo Vera | ||
| 999 | |c 226331 |d 226329 | ||
| 952 | |0 0 |1 0 |4 0 |6 932_010000000000000_DON_1991 |7 0 |8 A |9 224606 |a BIBHIS |b BIBHIS |d 2019-11-15 |i 2933837 |o 932.01 DON 1991 |p 2933837 |r 2025-01-20 |w 2019-11-15 |y BK |k HIS | ||